| 000 | 00347 a2200157 4500 | ||
|---|---|---|---|
| 001 | 58483 | ||
| 020 | _a8535903769 | ||
| 040 | _cAnchieta - Pituba | ||
| 100 | _aMoraes, Reinaldo | ||
| 240 | 1 | 0 |
_aA órbita dos caracóis _lpor |
| 245 | 1 | 0 | _aA órbita dos caracóis |
| 300 | _a220 | ||
| 362 | 0 | _a2003 | |
| 650 | 4 | _aLiteratura juvenil | |
| 942 | _cBK | ||
| 999 |
_c58483 _d58483 |
||